Триггеры. Формируй привычки - закаляй характер: пер. с англ.

Manylion Llyfryddiaeth
Prif Awdur: Голдсмит М. Маршалл
Awduron Eraill: Рейтер М. Марк
Crynodeb:Если вы хорошо ставите цели, но плохо их достигаете – эта книга для вас. Если вы коуч, ментор или лидер, который помогает людям стать лучшей версией себя, то тоже найдете много ценных идей. Из книги вы узнаете о том, что работает, а что нет, когда речь идет про изменение человеческого поведения. Чаще всего окружающая среда неподконтрольна нам. Но мы всегда можем выбирать, как реагировать. В этой книге Голдсмит показывает, как можно преодолеть триггеры в жизни и добиться значимых и устойчивых изменений.
Iaith:Rwseg
Cyhoeddwyd: Москва, Манн, Иванов и Фербер, 2016
Pynciau:
Fformat: Llyfr
KOHA link:https://koha.lib.tpu.ru/cgi-bin/koha/opac-detail.pl?biblionumber=317419

MARC

LEADER 00000nam0a2200000 4500
001 317419
005 20231102002955.0
010 |a 9785001000112 
035 |a (RuTPU)RU\TPU\book\342887 
090 |a 317419 
100 |a 20160408d2016 km y0rusy50 ca 
101 1 |a rus  |c eng 
102 |a RU 
105 |a y z 000zy 
200 1 |a Триггеры. Формируй привычки - закаляй характер  |e пер. с англ.  |f М. Голдсмит, М. Рейтер 
210 |a Москва  |c Манн, Иванов и Фербер  |d 2016 
215 |a 256 с. 
330 |a Если вы хорошо ставите цели, но плохо их достигаете – эта книга для вас. Если вы коуч, ментор или лидер, который помогает людям стать лучшей версией себя, то тоже найдете много ценных идей. Из книги вы узнаете о том, что работает, а что нет, когда речь идет про изменение человеческого поведения. Чаще всего окружающая среда неподконтрольна нам. Но мы всегда можем выбирать, как реагировать. В этой книге Голдсмит показывает, как можно преодолеть триггеры в жизни и добиться значимых и устойчивых изменений. 
606 1 |a Лидерство  |x Психология  |2 stltpush  |3 (RuTPU)RU\TPU\subj\69873  |9 84547 
610 1 |a психология 
610 1 |a человеческое поведение 
610 1 |a деятельность 
610 1 |a успех 
610 1 |a поведенческие изменения 
610 1 |a стратегии 
610 1 |a окружающая среда 
610 1 |a перемены 
610 1 |a цели 
610 1 |a достижения 
686 |a Ю954  |v LBC/SL-A  |2 rubbk 
700 1 |a Голдсмит  |b М.  |g Маршалл 
701 1 |a Рейтер  |b М.  |g Марк 
801 1 |a RU  |b 63413507  |c 20160408 
801 2 |a RU  |b 63413507  |c 20160713  |g RCR 
942 |c BK 
959 |a 32/20160331  |d 1  |e 349,00  |f ЧЗГЛ:1